|
|
|
|
| LEADER |
00000nam a22000007i 4500 |
| 001 |
IT\ICCU\UBO\2131648 |
| 003 |
ItRI |
| 005 |
20260226155238.0 |
| 008 |
030305s1995 xxk|||||| ||||| |||||c |
| 020 |
|
|
|a 0349107750
|
| 040 |
|
|
|b ita
|c ct
|
| 041 |
|
7 |
|a eng
|2 ISO-639-2
|
| 100 |
1 |
|
|a Corlett, William
|0 IT\ICCU\UBOV\769483
|4 aut
|
| 245 |
1 |
0 |
|a Now and then /
|c William Corlett.
|
| 260 |
|
|
|a London :
|b Abacus,
|c 1995
|
| 300 |
|
|
|a 346 p. ;
|c 20 cm.
|
| 942 |
|
|
|2 ddc
|c BK
|
| 952 |
|
|
|0 0
|1 0
|2 ddc
|4 0
|6 B_LNR02CORWINOW11
|7 0
|9 7449
|a MI
|b MI
|d 2010-11-29
|i 6095
|l 0
|o B-LNR02-CORWI-NOW11
|p CDOM6095
|r 2025-07-13 16:28:00
|w 2025-07-13
|x DONO
|y BK
|
| 952 |
|
|
|0 0
|1 0
|4 0
|6 DOC_823_914000000000000_COR
|7 0
|9 13154
|a BO
|b BO
|d 2026-01-15
|i 16653
|l 0
|o DOC 823.914 COR
|p BO16653
|r 2026-01-15 23:18:16
|w 2026-01-15
|x [Sebina 5] [1 v.]
|y BK
|z 1 v.
|
| 999 |
|
|
|c 6147
|d 6147
|